Wreck of Georgette, The / (Record no. 111809)
[ view plain ]
| 000 -LEADER | |
|---|---|
| fixed length control field | 00711nam a2200205 a 4500 |
| 001 - CONTROL NUMBER | |
| control field | 1243 |
| 005 - DATE AND TIME OF LATEST TRANSACTION | |
| control field | 20140414131922.0 |
| 008 - FIXED-LENGTH DATA ELEMENTS--GENERAL INFORMATION | |
| fixed length control field | 041111s19uu xx 00 eng d |
| 020 ## - INTERNATIONAL STANDARD BOOK NUMBER | |
| International Standard Book Number | 0-8136-3639-6 |
| 050 ## - LIBRARY OF CONGRESS CALL NUMBER | |
| Classification number | ER |
| Item number | W92 1987 |
| 100 ## - MAIN ENTRY--PERSONAL NAME | |
| Personal name | Chapman, Jean |
| 245 ## - TITLE STATEMENT | |
| Title | Wreck of Georgette, The / |
| Statement of responsibility, etc | Jean Chapman ; illustrated by Jack Montgomery. |
| 260 ## - PUBLICATION, DISTRIBUTION, ETC. (IMPRINT) | |
| Place of publication, distribution, etc | Cleveland, Ohio : |
| Name of publisher, distributor, etc | Modern Curriculum Press, |
| Date of publication, distribution, etc | 1987. |
| 300 ## - PHYSICAL DESCRIPTION | |
| Extent | 32 p. : ill. ; cm. |
| 520 ## - SUMMARY, ETC. | |
| Summary, etc | Last century, off the South-West coast of Western Australia, a small ship sprang a leak while battling heavy seas and gale-force winds. |
| 650 ## - SUBJECT ADDED ENTRY--TOPICAL TERM | |
| Topical term or geographic name as entry element | Ships |
| General subdivision | Juvenile literature. |
| 650 ## - SUBJECT ADDED ENTRY--TOPICAL TERM | |
| Topical term or geographic name as entry element | Children stories. |
| Withdrawn status | Lost status | Damaged status | Use restrictions | Home library | Current library | Shelving location | Date acquired | Source of acquisition | Total Checkouts | Full call number | Barcode | Date last seen | Price effective from | Koha item type |
|---|---|---|---|---|---|---|---|---|---|---|---|---|---|---|
| Munich Library | Munich Library | Easy Reading Section | 11/11/2004 | ER W92 1987 | M2711 | 04/14/2014 | 04/14/2014 | Books | ||||||
| Munich Library | Munich Library | Easy Reading Section | 10/26/2010 | ER W92 1987 | M2931 | 04/14/2014 | 04/14/2014 | Books |